logo

Bir Sreshtho Munshi Abdur Rouf Library
Jhenaidah Cadet College

Never give up : (Record no. 12773)

MARC details
000 -LEADER
fixed length control field 02195nam a2200313 i 4500
001 - CONTROL NUMBER
control field 12773
003 - CONTROL NUMBER IDENTIFIER
control field BD-JhCC
005 - DATE AND TIME OF LATEST TRANSACTION
control field 20230511094508.0
008 - FIXED-LENGTH DATA ELEMENTS--GENERAL INFORMATION
fixed length control field 230511s2022 dcu 000 0 eng
020 ## - INTERNATIONAL STANDARD BOOK NUMBER
International Standard Book Number 9781787634190
035 ## - SYSTEM CONTROL NUMBER
System control number (BD-JhCC)17717
040 ## - CATALOGING SOURCE
Original cataloging agency DLC
Language of cataloging eng
Description conventions rda
Transcribing agency DLC
Modifying agency BD-JhCC
042 ## - AUTHENTICATION CODE
Authentication code pcc
082 ## - DEWEY DECIMAL CLASSIFICATION NUMBER
Classification number 613.69092
Item number GRY 2021
100 1# - MAIN ENTRY--PERSONAL NAME
Personal name Grylls, Bear
Relator term author.
245 10 - TITLE STATEMENT
Title Never give up :
Remainder of title my life in the wild /
Statement of responsibility, etc. Bear Grylls.
263 ## - PROJECTED PUBLICATION DATE
Projected publication date 2203
264 #1 - PRODUCTION, PUBLICATION, DISTRIBUTION, MANUFACTURE, AND COPYRIGHT NOTICE
Place of production, publication, distribution, manufacture Washington :
Name of producer, publisher, distributor, manufacturer National Geographic,
Date of production, publication, distribution, manufacture, or copyright notice 2022.
300 ## - PHYSICAL DESCRIPTION
Extent 315 p. :
Other physical details some color pages
Dimensions 22 cm.
336 ## - CONTENT TYPE
Content type term text
Content type code txt
Source rdacontent
337 ## - MEDIA TYPE
Media type term unmediated
Media type code n
Source rdamedia
338 ## - CARRIER TYPE
Carrier type term volume
Carrier type code nc
Source rdacarrier
520 ## - SUMMARY, ETC.
Summary, etc. "Admired by millions as the star of Man vs. Wild and the acclaimed NGC series Running Wild, global adventurer Bear Grylls has explored places few would dare to go. Now, he shares time-honored lessons for leading an adventurous life through stories drawn from his personal experiences, as well as encounters with a diverse group of celebrities who have participated in his wildly popular television shows. In these inspiring pages, Grylls chronicles his life since stepping onto the small screen, taking readers on his most famous adventures, sharing stories from his favorite expeditions, and capturing his hairiest survival challenges. The followup to the internationally best-selling Mud, Sweat and Tears, this new autobiography goes behind the scenes on infamous Man vs. Wild shoots and provides an insight into what it's really like to "Run Wild" with guests including President Obama, Roger Federer, and Julia Roberts. Along the way, Bear explores the valuable lessons he's learned in the wild, opens up about his most personal challenges and achievements, and celebrates the true value of adventure and the enduring importance of courage, kindness, and resilience. Written for outdoor enthusiasts and armchair adventurers alike, Never Give Up offers an inspiring path to help readers live their best lives"--
Assigning source Provided by publisher.
600 ## - SUBJECT ADDED ENTRY--PERSONAL NAME
Personal name Grylls, Bear
650 ## - SUBJECT ADDED ENTRY--TOPICAL TERM
Topical term or geographic name entry element Wilderness survival
650 ## - SUBJECT ADDED ENTRY--TOPICAL TERM
Topical term or geographic name entry element Mountaineers
942 ## - ADDED ENTRY ELEMENTS (KOHA)
Source of classification or shelving scheme Dewey Decimal Classification
Koha item type Books
Holdings
Withdrawn status Lost status Source of classification or shelving scheme Damaged status Not for loan Home library Current library Shelving location Date acquired Cost, normal purchase price Total Checkouts Full call number Barcode Checked out Date last seen Date last checked out Copy number Price effective from Koha item type
    Dewey Decimal Classification     JCC Rouf Library JCC Rouf Library General Stacks 05/11/2023 900.00 3 613.69092 GRY 2021 17717 12/28/2023 12/02/2023 12/02/2023 C-1 05/11/2023 Books

JCC Library | Contacts | JCC Home

Last Update on 23 September 2017
Copyright @ 2017-2020 JCC Rouf Library
Rouf Library, Jhenidah Cadet College (JCC), Bangladesh